Catálogo

Vista normal Vista MARC

Entrada Personal Name

Número de registros utilizados en: 2

001 - CONTROL NUMBER

  • control field: 13084

003 - CONTROL NUMBER IDENTIFIER

  • control field: DLC

005 - DATE AND TIME OF LATEST TRANSACTION

  • control field: 20220809154410.0

008 - FIXED-LENGTH DATA ELEMENTS

  • fixed length control field: 800715n| azannaabn |a aaa

010 ## - LIBRARY OF CONGRESS CONTROL NUMBER

  • LC control number: n 80076796

035 ## - SYSTEM CONTROL NUMBER

  • System control number: (OCoLC)oca00458159

040 ## - CATALOGING SOURCE

  • Original cataloging agency: DLC
  • Language of cataloging: spa
  • Description conventions: rda
  • Transcribing agency: Mx-PuUPA
  • Modifying agency: DLC
  • Modifying agency: TNJ
  • Modifying agency: OCoLC
  • Modifying agency: DLC
  • Modifying agency: Mx-PuUPA

046 ## - SPECIAL CODED DATES

  • Birth date: 1947
  • Source of date scheme: edtf

100 1# - HEADING--PERSONAL NAME

  • Personal name: Dhillon, B. S.
  • Fuller form of name: (Balbir S.),
  • Dates associated with a name: 1947-

374 ## - OCCUPATION

  • Occupation: Ingeniero
  • Source of term: lcsh

374 ## - OCCUPATION

  • Occupation: Autor
  • Source of term: lcsh

374 ## - OCCUPATION

  • Occupation: Historiador
  • Source of term: lcsh

375 ## - GENDER

  • Gender: hombre

377 ## - ASSOCIATED LANGUAGE

  • Language code: eng

378 ## - FULLER FORM OF PERSONAL NAME

  • Fuller form of personal name: Balbir S.

400 1# - SEE FROM TRACING--PERSONAL NAME

  • Personal name: Dhillon, Balbir S.,
  • Dates associated with a name: 1947-

670 ## - SOURCE DATA FOUND

  • Source citation: Engineering reliability, 1980:
  • Information found: t.p. (B.S. Dhillon, Dept. Mechanical Eng., Univ. Ottawa) pub. info. (Balbir S. Dhillon)

670 ## - SOURCE DATA FOUND

  • Source citation: Reliability engineering in systems design and operation, c1982:
  • Information found: CIP t.p. (Balbir S. Dhillon)

670 ## - SOURCE DATA FOUND

  • Source citation: Reliability engineering applications, c1992:
  • Information found: t.p. (B. S. Dhillon)

670 ## - SOURCE DATA FOUND

  • Source citation: C93-1697-1:
  • Information found: (Dhillon, Balbir Singh, 1947- )

670 ## - SOURCE DATA FOUND

  • Source citation: History and study of the Jats, 1994
  • Information found: t.p. (B.S. Dhillon)

670 ## - SOURCE DATA FOUND

  • Source citation: E-mail from author to PSD, July 6, 2011
  • Information found: (B.S. Dhillon, Ph.D., P.Eng.; Professor Department of Mechanical Engineering, University of Ottawa is an engineer turned historian; author of the historical work History and the study of the Jats)